RICS strategic facilities management (Record no. 115242)
[ view plain ]
| 000 -LEADER | |
|---|---|
| fixed length control field | 01402cam a2200253 4500 |
| 001 - CONTROL NUMBER | |
| control field | L158280 |
| 008 - FIXED-LENGTH DATA ELEMENTS--GENERAL INFORMATION | |
| fixed length control field | 040913n2014 000 0 eng u |
| 035 ## - SYSTEM CONTROL NUMBER | |
| System control number | (Sirsi) u158280 |
| 041 ## - LANGUAGE CODE | |
| Language code of text/sound track or separate title | eng |
| 110 2# - MAIN ENTRY--CORPORATE NAME | |
| Corporate name or jurisdiction name as entry element | Workplace Law Group |
| 9 (RLIN) | 4840 |
| 245 00 - TITLE STATEMENT | |
| Title | RICS strategic facilities management |
| Remainder of title | case studies: April 2014 |
| Medium | [electronic resource] |
| 260 ## - PUBLICATION, DISTRIBUTION, ETC. | |
| Place of publication, distribution, etc. | London |
| Name of publisher, distributor, etc. | RICS |
| Date of publication, distribution, etc. | 2014 |
| 490 #0 - SERIES STATEMENT | |
| Series statement | RICS Research |
| Volume/sequential designation | April 2014 |
| 505 2# - FORMATTED CONTENTS NOTE | |
| Formatted contents note | Strategic FM: ethical procurement at the Co-operative Group -- Strategic FM: fostering creativity at the BBC -- Strategic FM: harnessing technology at Emrill -- Strategic FM: sustainable practice in the higher education sector -- Strategic FM: talent management at Mitie Client Services -- Strategic FM: the importance of a good health and safety culture |
| 520 ## - SUMMARY, ETC. | |
| Summary, etc. | RICS has produced the first six case studies as part of this ongoing conversation to demonstrate how FM can achieve real strategic alignment with other parts of an organisation and add real value. |
| 650 24 - SUBJECT ADDED ENTRY--TOPICAL TERM | |
| Topical term or geographic name entry element | Strategic Facilities Management |
| 651 #4 - SUBJECT ADDED ENTRY--GEOGRAPHIC NAME | |
| Geographic name | ENGLAND AND WALES |
| 690 ## - LOCAL SUBJECT ADDED ENTRY--TOPICAL TERM (OCLC, RLIN) | |
| Topical term or geographic name as entry element | Facilities management |
| 9 (RLIN) | 6240 |
| 700 1# - ADDED ENTRY--PERSONAL NAME | |
| Personal name | Davies, Alex |
| 700 1# - ADDED ENTRY--PERSONAL NAME | |
| Personal name | Sharp, David |
| 710 1# - ADDED ENTRY--CORPORATE NAME | |
| Corporate name or jurisdiction name as entry element | Royal Institution of Chartered Surveyors |
| 9 (RLIN) | 4900 |
| 856 48 - ELECTRONIC LOCATION AND ACCESS | |
| Uniform Resource Identifier | <a href="https://www.rics.org/Global/strategic_facilities_case_studies_sbentley_020414_asn.pdf">https://www.rics.org/Global/strategic_facilities_case_studies_sbentley_020414_asn.pdf</a> |
| Public note | View the item free of charge from www.rics.org |
| 942 ## - ADDED ENTRY ELEMENTS (KOHA) | |
| Suppress in OPAC | 0 |
| Withdrawn status | Lost status | Source of classification or shelving scheme | Damaged status | Not for loan | Home library | Current library | Shelving location | Date acquired | Total Checkouts | Full call number | Barcode | Date last seen | Copy number | Price effective from | Koha item type |
|---|---|---|---|---|---|---|---|---|---|---|---|---|---|---|---|
| Dewey Decimal Classification | Virtual | Virtual | Online | 21/11/2014 | ONLINE PUBLICATION | 158280-2001 | 06/08/2019 | 1 | 06/08/2019 | Book |